Datum a čas kvízu
16.5
Celkem bodů
Celkový počet nahraných bodů na tomto kvízu bez doplňovacích otázek.
6.
Pořadí na kvízu
Konečné umístění týmu na tomto kvízu.
Zaznamenané odpovědi
| # | Otázka | Odpověď | Body | Výsledky |
|---|---|---|---|---|
| 1. | Předvolební superdebatu v Česk... | Matylda | 1 | |
| 2. | Jistě jste i vy zaznamenali ma... | DNS | 0 | |
| 3. | Minulý týden měl premiéru doku... | Olga Malířová Špátová | 0 | |
| 4. | Společnost Blue Origin Jeffa B... | James T. Kirk | 1 | |
| 5. | Jak se jmenuje tenistka, která... | Karolína Plíšková | 0 | |
| -14. | Po Středočeském kraji nás v da... | Opyš | 0 | |
| -13. | Nejnavštěvovanější událostí v... | Signal Festival | 1 | |
| -12. | Místem, které rozhodně stojí z... | Moja | 0 | |
| -11. | K nejpůsobivějším gotickým sta... | Staroměstská mostecká věž | 0 | |
| -10. | Seřaďte následující zahraniční... | 1A 2D 3C 4B | 0 |